Evènements de la Seconde guerre mondiale - Statistiques

Statistiques générales
  • Ce quiz a été pris 31 fois
  • Le résultat moyen est 10 sur 27
Statistiques - réponses
Date Réponse % Correct
8 mai 1945 Europe Capitulation de l'Allemagne nazie
81%
6 août 1945 Asie-Pacifique Bombardement atomique sur Hiroshima
74%
8 novembre 1942 Maghreb Débarquement allié en Afrique du Nord (Algérie, Maroc, Tunisie)
74%
11 novembre 1942 France Invasion de la zone libre par Hitler (réponse au débarquement)
74%
9 août 1945 Asie-Pacifique Bombe atomique sur Nagasaki
67%
1er septembre 1939 Europe centrale Prise de Dantzig ; invasion de la Pologne par l'Allemagne nazie
67%
7 décembre 1941 Asie-Pacifique Attaque japonaise sur Pearl Harbor (Hawaï, E.U.)
63%
22 juin 1940 France Armistice signée par Pétain à Rethondes
48%
juil 42 au 2 fév. 1943 Europe de l'Est Bataille de Stalingrad
48%
2 septembre 1945 Asie-Pacifique Capitulation du Japon impérial
44%
18 juin 1940 France Appel à la résistance du général de Gaulle depuis Londres
41%
10 mai 1940 Europe (ouest) Invasion de la Belgique et de la France (fin de la drôle de guerre)
41%
25 août 1944 France Libération de Paris (2nde Division Blindée, général Leclerc)
37%
Juillet 1942 Asie-Pacifique Bataille de Midway
33%
Août 1940 Europe Début de la Bataille d'Angleterre
30%
22 juin 1941 Europe de l'Est Opération Barbarossa ; invasion de l'URSS par Hitler
30%
6 juin 1944 France/Europe Débarquement de Normandie (plages du Calvados)
26%
10 juillet 1940 France Pétain se fait accorder les pleins pouvoirs
26%
24 octobre 1940 France Entrevue de Montoire entre Pétain et Hitler
22%
16 avril 1945 Europe Les soviétiques marchent sur Berlin
22%
15 août 1944 France Débarquement de Provence (Var)
19%
12 juillet 1942 France Rafle du Vel' d'Hiv' à Paris : 13 000 juifs sont déportés
19%
3 septembre 1943 Europe du Sud Capitulation de l'Italie fasciste
11%
26 juin 1945 Etats-Unis Conférence de San Francisco ; création de l'ONU
11%
4-11 février 1945 Europe de l'Est Conférence de Yalta
11%
10 juillet 1943 Méditerranée Débarquement de Sicile (engagement de la Campagne d'Italie)
11%
novembre 1939 Europe du Nord Invasion russe de la Finlande : début de la guerre d'Hiver
11%
Aucun quiz correspondant
Distribution des résultats
% des personnes avec chaque résultat
Percentile par nombre de réponses
Votre historique - résultats
Vous n’avez pas pris ce quiz